| 000 | 00690nam a2200205 i 4500 | ||
|---|---|---|---|
| 001 | 92869 | ||
| 003 | ES-MaACL | ||
| 005 | 20230906181057.0 | ||
| 008 | 050330s1948 sp |||| | spa d | ||
| 100 | 1 |
_aLira, Osvaldo. _972523 |
|
| 245 | 1 | 0 |
_aVisión política de Quevedo / _cOsvaldo Lira. |
| 260 |
_aMadrid : _bSeminario de Problemas Hispanoamericanos, _c1948. |
||
| 300 |
_a286 p. ; _c21 cm. |
||
| 490 | 1 |
_aCuadernos de monografías ; _v3 |
|
| 600 | 1 | 4 |
_aQuevedo, Francisco de- _xPensamiento político. _994595 |
| 710 | 2 |
_aSeminario de Problemas Hispanoamericanos. _96559 |
|
| 830 | 0 |
_aCuadernos de monografías ; _v3 _9183354 |
|
| 852 |
_aES-MaACL _jD-5600 |
||
| 999 |
_c92869 _d92869 |
||